Evaluación energética en el sistema de almacenamiento y distribución de asfalto y búnker C en el plantel del Alto de Ochomogo
Đã lưu trong:
| Tác giả chính: | |
|---|---|
| Định dạng: | Sách |
| Được phát hành: |
San José, Costa Rica
2010
|
| Những chủ đề: | |
| Các nhãn: |
Thêm thẻ
Không có thẻ, Là người đầu tiên thẻ bản ghi này!
|
MARC
| LEADER | 00000nam a2200000Ia 4500 | ||
|---|---|---|---|
| 003 | 010549 | ||
| 005 | 20221231144027.0 | ||
| 008 | 140114s2010 cr ae 000 0 s d | ||
| 040 | |c cru CEDI | ||
| 090 | |a TFG 6387 | ||
| 100 | |a Hernández Márquez, Jhina Maritza |9 2493 | ||
| 245 | |a Evaluación energética en el sistema de almacenamiento y distribución de asfalto y búnker C en el plantel del Alto de Ochomogo | ||
| 260 | |c 2010 |b San José, Costa Rica | ||
| 500 | |a Proyecto de graduación (licenciatura en ingeniería química)--Universidad de Costa Rica. Facultad de Ingeniería. Escuela de Ingeniería Química | ||
| 650 | |x AUDITORIA ENERGETICA |x REFINADORA COSTARRICENSE DE PETROLEO. PLANTEL EL ALTO OCHOMOGO |x ASFALTO |x COMBUSTIBLES |x ALMACENAMIENTO |x DISTRIBUCION |x SISTEMAS DE TUBERIAS DE VAPOR |x TANQUES DE ALMACENAMIENTO DE CRUDOS |x AISLADORES TERMICOS |9 2494 | ||
| 942 | |c TFG | ||
| 999 | |c 15804 |d 15804 | ||
